00946nam a22002657a 450000500170000000800410001702000310005802000230008902000230011202000230013502000230015805000210018110000330020224500910023525000110032626000420033730000240037949000280040350400410043150500940047250600230056650600230058965000290061270000390064120200109100832.0180813s1994 mx a 000 0 spa u a9684266537 (obra completa) a9684266537 (o. c.) a9684266545 (vol.1) a9684266553 (vol.2) a9684266561 (vol.3)04aHM132 bM46 19941 aMendoza Núñez, Alejandro10aCurso de relaciones humanasc / Alejandro Mendoza Núñez, Manuel Álvarez Herrera. a1a ed. aMéxico: bEl Manual Moderno, c1994 a3v. :bil ;c23 cm.0 aCapacitación Integral aIncluye bibliografías e índices.0 tV.1 Guía para el supervisor.tV.2 Manual para el instructor.tV.3 Manual de ejercicios. 2Bib. Med. ISO 2018 aBib. Med. ISO 9000 42lembaRelaciones humanas1 aÁlvarez Herrera, Manuel, eautor